00713cam a2200193 i 4500999001700000008004100017010001700058050002200075100002600097245013400123260004600257300003200303500002000335504003000355650003900385650004300424700003700467942001500504 c18304d18304770207s1976 paua b 001 0 eng  a 76046719 00aNK7235 .R325 19761 aRainwater, Dorothy T.12aA collector's guide to spoons around the world /cby Dorothy T. Rainwater and Donna H. Felger ; photographs by H. Ivan Rainwater. aHanover, Pa. :bEverybodys Press,cc1976. ax, 405 p. :bill. ;c27 cm. aIncludes index. aBibliography: p. 396-400. 0aSpoonsxCollectors and collecting. 0aSilverwarexCollectors and collecting.1 aFelger, Donna H.,ejoint author. 2lcccBOOKS